<?xml version="1.0" encoding="UTF-8"?>
<collection xmlns="http://www.loc.gov/MARC21/slim">
 <record>
  <leader>06542cam a2200877 c 4500</leader>
  <controlfield tag="001">774830166</controlfield>
  <controlfield tag="003">DE-627</controlfield>
  <controlfield tag="005">20250306130958.0</controlfield>
  <controlfield tag="007">tu</controlfield>
  <controlfield tag="008">131218s2014    au |||||      00| ||ger c</controlfield>
  <datafield tag="010" ind1=" " ind2=" ">
   <subfield code="a">  2014409218</subfield>
  </datafield>
  <datafield tag="015" ind1=" " ind2=" ">
   <subfield code="a">13,N51</subfield>
   <subfield code="2">dnb</subfield>
  </datafield>
  <datafield tag="016" ind1="7" ind2=" ">
   <subfield code="a">1045042463</subfield>
   <subfield code="2">DE-101</subfield>
  </datafield>
  <datafield tag="020" ind1=" " ind2=" ">
   <subfield code="a">3205795091</subfield>
   <subfield code="c">Gb. : ca. EUR 35.00 (DE)</subfield>
   <subfield code="9">3-205-79509-1</subfield>
  </datafield>
  <datafield tag="020" ind1=" " ind2=" ">
   <subfield code="a">9783205795094</subfield>
   <subfield code="c">Gb. : ca. EUR 35.00 (DE), ca. EUR 35.00 (AT), ca. sfr 46.90 (freier Pr.)</subfield>
   <subfield code="9">978-3-205-79509-4</subfield>
  </datafield>
  <datafield tag="024" ind1="3" ind2=" ">
   <subfield code="a">9783205795094</subfield>
  </datafield>
  <datafield tag="035" ind1=" " ind2=" ">
   <subfield code="a">(DE-627)774830166</subfield>
  </datafield>
  <datafield tag="035" ind1=" " ind2=" ">
   <subfield code="a">(DE-576)400246406</subfield>
  </datafield>
  <datafield tag="035" ind1=" " ind2=" ">
   <subfield code="a">(DE-599)DNB1045042463</subfield>
  </datafield>
  <datafield tag="035" ind1=" " ind2=" ">
   <subfield code="a">(OCoLC)876421361</subfield>
  </datafield>
  <datafield tag="035" ind1=" " ind2=" ">
   <subfield code="a">(OCoLC)1078725741</subfield>
  </datafield>
  <datafield tag="040" ind1=" " ind2=" ">
   <subfield code="a">DE-627</subfield>
   <subfield code="b">ger</subfield>
   <subfield code="c">DE-627</subfield>
   <subfield code="e">rakwb</subfield>
  </datafield>
  <datafield tag="041" ind1=" " ind2=" ">
   <subfield code="a">ger</subfield>
  </datafield>
  <datafield tag="044" ind1=" " ind2=" ">
   <subfield code="c">XA-AT</subfield>
   <subfield code="c">XA-DE</subfield>
   <subfield code="c">XA-AT-9</subfield>
  </datafield>
  <datafield tag="050" ind1=" " ind2="0">
   <subfield code="a">GT2846.A9</subfield>
  </datafield>
  <datafield tag="072" ind1=" " ind2="7">
   <subfield code="a">HIS037010</subfield>
   <subfield code="2">bisacsh</subfield>
  </datafield>
  <datafield tag="082" ind1="0" ind2=" ">
   <subfield code="a">940</subfield>
   <subfield code="q">SEPA</subfield>
  </datafield>
  <datafield tag="082" ind1="0" ind2="4">
   <subfield code="a">940</subfield>
   <subfield code="q">DNB</subfield>
  </datafield>
  <datafield tag="084" ind1=" " ind2=" ">
   <subfield code="a">8,1</subfield>
   <subfield code="2">ssgn</subfield>
  </datafield>
  <datafield tag="084" ind1=" " ind2=" ">
   <subfield code="a">LC 14160</subfield>
   <subfield code="q">OBV</subfield>
   <subfield code="2">rvk</subfield>
   <subfield code="0">(DE-625)rvk/90623:821</subfield>
  </datafield>
  <datafield tag="084" ind1=" " ind2=" ">
   <subfield code="a">LC 23160</subfield>
   <subfield code="q">OBV</subfield>
   <subfield code="2">rvk</subfield>
   <subfield code="0">(DE-625)rvk/90632:821</subfield>
  </datafield>
  <datafield tag="084" ind1=" " ind2=" ">
   <subfield code="a">NK 4920</subfield>
   <subfield code="q">OBV</subfield>
   <subfield code="2">rvk</subfield>
   <subfield code="0">(DE-625)rvk/126078:</subfield>
  </datafield>
  <datafield tag="084" ind1=" " ind2=" ">
   <subfield code="a">NM 1500</subfield>
   <subfield code="q">OBV</subfield>
   <subfield code="2">rvk</subfield>
   <subfield code="0">(DE-625)rvk/126292:</subfield>
  </datafield>
  <datafield tag="084" ind1=" " ind2=" ">
   <subfield code="a">NR 8362</subfield>
   <subfield code="q">OBV</subfield>
   <subfield code="2">rvk</subfield>
   <subfield code="0">(DE-625)rvk/129964:</subfield>
  </datafield>
  <datafield tag="084" ind1=" " ind2=" ">
   <subfield code="a">NR 8379</subfield>
   <subfield code="q">OBV</subfield>
   <subfield code="2">rvk</subfield>
   <subfield code="0">(DE-625)rvk/129983:</subfield>
  </datafield>
  <datafield tag="084" ind1=" " ind2=" ">
   <subfield code="a">NW 8290</subfield>
   <subfield code="q">OBV</subfield>
   <subfield code="2">rvk</subfield>
   <subfield code="0">(DE-625)rvk/132312:</subfield>
  </datafield>
  <datafield tag="084" ind1=" " ind2=" ">
   <subfield code="a">XE 5000</subfield>
   <subfield code="q">OBV</subfield>
   <subfield code="2">rvk</subfield>
   <subfield code="0">(DE-625)rvk/152643:12905</subfield>
  </datafield>
  <datafield tag="084" ind1=" " ind2=" ">
   <subfield code="a">XB 5100</subfield>
   <subfield code="2">rvk</subfield>
   <subfield code="0">(DE-625)rvk/152476:12905</subfield>
  </datafield>
  <datafield tag="084" ind1=" " ind2=" ">
   <subfield code="a">15.60</subfield>
   <subfield code="2">bkl</subfield>
  </datafield>
  <datafield tag="084" ind1=" " ind2=" ">
   <subfield code="a">15.07</subfield>
   <subfield code="2">bkl</subfield>
  </datafield>
  <datafield tag="090" ind1=" " ind2=" ">
   <subfield code="a">a</subfield>
  </datafield>
  <datafield tag="100" ind1="1" ind2=" ">
   <subfield code="a">Büchner, Robert</subfield>
   <subfield code="d">1933-</subfield>
   <subfield code="0">(DE-588)129752738</subfield>
   <subfield code="0">(DE-627)479156212</subfield>
   <subfield code="0">(DE-576)297818627</subfield>
   <subfield code="4">aut</subfield>
  </datafield>
  <datafield tag="245" ind1="1" ind2="0">
   <subfield code="a">Im städtischen Bad vor 500 Jahren</subfield>
   <subfield code="b">Badhaus, Bader und Badegäste im alten Tirol</subfield>
   <subfield code="c">Robert Büchner</subfield>
  </datafield>
  <datafield tag="246" ind1="3" ind2="0">
   <subfield code="a">Fünfhundert</subfield>
  </datafield>
  <datafield tag="264" ind1=" " ind2="1">
   <subfield code="a">Wien</subfield>
   <subfield code="a">Köln</subfield>
   <subfield code="a">Weimar</subfield>
   <subfield code="b">Böhlau</subfield>
   <subfield code="c">2014</subfield>
  </datafield>
  <datafield tag="300" ind1=" " ind2=" ">
   <subfield code="a">196 S.</subfield>
   <subfield code="b">Ill.</subfield>
   <subfield code="c">240 mm x 170 mm</subfield>
  </datafield>
  <datafield tag="336" ind1=" " ind2=" ">
   <subfield code="a">Text</subfield>
   <subfield code="b">txt</subfield>
   <subfield code="2">rdacontent</subfield>
  </datafield>
  <datafield tag="337" ind1=" " ind2=" ">
   <subfield code="a">ohne Hilfsmittel zu benutzen</subfield>
   <subfield code="b">n</subfield>
   <subfield code="2">rdamedia</subfield>
  </datafield>
  <datafield tag="338" ind1=" " ind2=" ">
   <subfield code="a">Band</subfield>
   <subfield code="b">nc</subfield>
   <subfield code="2">rdacarrier</subfield>
  </datafield>
  <datafield tag="500" ind1=" " ind2=" ">
   <subfield code="a">Literaturverz. S. 177 - 183</subfield>
  </datafield>
  <datafield tag="650" ind1=" " ind2="0">
   <subfield code="a">Bathing customs</subfield>
   <subfield code="z">Austria</subfield>
   <subfield code="z">Tyrol</subfield>
   <subfield code="x">History</subfield>
  </datafield>
  <datafield tag="650" ind1=" " ind2="0">
   <subfield code="a">Public baths</subfield>
   <subfield code="z">Austria</subfield>
   <subfield code="z">Tyrol</subfield>
   <subfield code="x">History</subfield>
  </datafield>
  <datafield tag="650" ind1=" " ind2="0">
   <subfield code="a">Public health</subfield>
   <subfield code="z">Austria</subfield>
   <subfield code="z">Tyrol</subfield>
   <subfield code="x">History</subfield>
  </datafield>
  <datafield tag="776" ind1="0" ind2="8">
   <subfield code="i">Erscheint auch als</subfield>
   <subfield code="n">Online-Ausgabe</subfield>
   <subfield code="a">Büchner, Robert, 1933 - </subfield>
   <subfield code="t">Im städtischen Bad vor 500 Jahren</subfield>
   <subfield code="d">Wien : Böhlau Verlag, 2014</subfield>
   <subfield code="h">1 Online-Ressource (196 Seiten)</subfield>
   <subfield code="w">(DE-627)1800234473</subfield>
   <subfield code="w">(DE-576)455766584</subfield>
   <subfield code="z">9783205792970</subfield>
  </datafield>
  <datafield tag="776" ind1="0" ind2="8">
   <subfield code="i">Erscheint auch als</subfield>
   <subfield code="n">Online-Ausgabe</subfield>
   <subfield code="a">Büchner, Robert, 1933 - </subfield>
   <subfield code="t">Im städtischen Bad vor 500 Jahren</subfield>
   <subfield code="d">Wien : Böhlau Verlag, 2014</subfield>
   <subfield code="h">1 Online-Ressource (196 Seiten)</subfield>
   <subfield code="w">(DE-627)1655204289</subfield>
   <subfield code="w">(DE-576)455766584</subfield>
   <subfield code="z">9783205792970</subfield>
  </datafield>
  <datafield tag="787" ind1="0" ind2="8">
   <subfield code="i">Rezensiert in</subfield>
   <subfield code="a">Deutsch, Kristina, 1978 - </subfield>
   <subfield code="t">[Rezension von: Robert Büchner, Im städtischen Bad vor 500 Jahren. Badhaus, Bader und Badegäste im alten Tirol]</subfield>
   <subfield code="d">2018</subfield>
   <subfield code="w">(DE-627)1789176441</subfield>
  </datafield>
  <datafield tag="856" ind1="4" ind2="2">
   <subfield code="u">http://deposit.dnb.de/cgi-bin/dokserv?id=4535523&amp;prov=M&amp;dok_var=1&amp;dok_ext=htm</subfield>
   <subfield code="m">X: MVB</subfield>
   <subfield code="q">text/html</subfield>
   <subfield code="v">2013-12-18</subfield>
   <subfield code="x">Verlag</subfield>
   <subfield code="3">Inhaltstext</subfield>
  </datafield>
  <datafield tag="856" ind1="4" ind2="2">
   <subfield code="u">https://swbplus.bsz-bw.de/bsz400246406rez.htm</subfield>
   <subfield code="m">B:DE-576;DE-16</subfield>
   <subfield code="q">application/pdf</subfield>
   <subfield code="v">20180116150012</subfield>
   <subfield code="x">Verlag</subfield>
   <subfield code="3">Rezension</subfield>
  </datafield>
  <datafield tag="856" ind1="4" ind2="2">
   <subfield code="u">https://swbplus.bsz-bw.de/bsz400246406inh.htm</subfield>
   <subfield code="m">B:DE-576;DE-14</subfield>
   <subfield code="q">application/pdf</subfield>
   <subfield code="v">20140924104950</subfield>
   <subfield code="x">Verlag</subfield>
   <subfield code="3">Inhaltsverzeichnis</subfield>
  </datafield>
  <datafield tag="856" ind1="4" ind2="2">
   <subfield code="u">http://www.sehepunkte.de/2018/01/30588.html</subfield>
   <subfield code="m">V:DE-576;X:Sehepunkte</subfield>
   <subfield code="q">text/html</subfield>
   <subfield code="v">20180423140525</subfield>
   <subfield code="3">Rezension</subfield>
  </datafield>
  <datafield tag="935" ind1=" " ind2=" ">
   <subfield code="i">sf</subfield>
  </datafield>
  <datafield tag="935" ind1=" " ind2=" ">
   <subfield code="i">Blocktest</subfield>
  </datafield>
  <datafield tag="936" ind1="r" ind2="v">
   <subfield code="a">LC 14160</subfield>
   <subfield code="b">Österreich</subfield>
   <subfield code="k">Sozial- und Kulturanthropologie. Empirische Kulturwissenschaft</subfield>
   <subfield code="k">Materielle Kultur und Wirtschaftsethnologie</subfield>
   <subfield code="k">Materielle Kultur und Konsum</subfield>
   <subfield code="k">Körperbehandlung</subfield>
   <subfield code="k">Europa</subfield>
   <subfield code="k">Mitteleuropa</subfield>
   <subfield code="k">Alpenregion</subfield>
   <subfield code="k">Österreich</subfield>
   <subfield code="0">(DE-627)1272331156</subfield>
   <subfield code="0">(DE-625)rvk/90623:821</subfield>
   <subfield code="0">(DE-576)202331156</subfield>
  </datafield>
  <datafield tag="936" ind1="r" ind2="v">
   <subfield code="a">LC 23160</subfield>
   <subfield code="b">Österreich</subfield>
   <subfield code="k">Sozial- und Kulturanthropologie. Empirische Kulturwissenschaft</subfield>
   <subfield code="k">Materielle Kultur und Wirtschaftsethnologie</subfield>
   <subfield code="k">Formen der Wirtschaft</subfield>
   <subfield code="k">Handwerk</subfield>
   <subfield code="k">Europa</subfield>
   <subfield code="k">Mitteleuropa</subfield>
   <subfield code="k">Alpenregion</subfield>
   <subfield code="k">Österreich</subfield>
   <subfield code="0">(DE-627)1271639165</subfield>
   <subfield code="0">(DE-625)rvk/90632:821</subfield>
   <subfield code="0">(DE-576)201639165</subfield>
  </datafield>
  <datafield tag="936" ind1="r" ind2="v">
   <subfield code="a">NK 4920</subfield>
   <subfield code="b">Allgemeines</subfield>
   <subfield code="k">Geschichte</subfield>
   <subfield code="k">Weltgeschichte, Darstellungen Allgemeine Geschichte einzelner Staaten und Völker Teilgebiete der Geschichte, Sammelwerke</subfield>
   <subfield code="k">Teilgebiete der Geschichte</subfield>
   <subfield code="k">Allgemeine Geistes- und Kulturgeschichte</subfield>
   <subfield code="k">Allgemeine Kulturgeschichte</subfield>
   <subfield code="k">Allgemeines</subfield>
   <subfield code="0">(DE-627)1271457628</subfield>
   <subfield code="0">(DE-625)rvk/126078:</subfield>
   <subfield code="0">(DE-576)201457628</subfield>
  </datafield>
  <datafield tag="936" ind1="r" ind2="v">
   <subfield code="a">NM 1500</subfield>
   <subfield code="b">Sonstige Spezialdarstellungen</subfield>
   <subfield code="k">Geschichte</subfield>
   <subfield code="k">Geschichte des Mittelalters</subfield>
   <subfield code="k">Quellen und Darstellungen zum Gesamtzeitraum</subfield>
   <subfield code="k">Darstellungen</subfield>
   <subfield code="k">Sonstige Spezialdarstellungen</subfield>
   <subfield code="0">(DE-627)1270706748</subfield>
   <subfield code="0">(DE-625)rvk/126292:</subfield>
   <subfield code="0">(DE-576)200706748</subfield>
  </datafield>
  <datafield tag="936" ind1="r" ind2="v">
   <subfield code="a">NR 8362</subfield>
   <subfield code="b">Einzelbeiträge</subfield>
   <subfield code="k">Geschichte</subfield>
   <subfield code="k">Landes- und Stadtgeschichte (Allgemeine, Deutsche und Österreichische Landes- und Stadtgeschichte, Ausländische Stadtgeschichte, Geschichte der Auslanddeutschen)</subfield>
   <subfield code="k">Österreichische Landesgeschichte</subfield>
   <subfield code="k">Tirol (einschl. Südtirol) und Vorarlberg</subfield>
   <subfield code="k">Einzelbeiträge</subfield>
   <subfield code="0">(DE-627)1270919334</subfield>
   <subfield code="0">(DE-625)rvk/129964:</subfield>
   <subfield code="0">(DE-576)200919334</subfield>
  </datafield>
  <datafield tag="936" ind1="r" ind2="v">
   <subfield code="a">NR 8379</subfield>
   <subfield code="b">Sonstige in Tirol und Südtirol</subfield>
   <subfield code="k">Geschichte</subfield>
   <subfield code="k">Landes- und Stadtgeschichte (Allgemeine, Deutsche und Österreichische Landes- und Stadtgeschichte, Ausländische Stadtgeschichte, Geschichte der Auslanddeutschen)</subfield>
   <subfield code="k">Österreichische Landesgeschichte</subfield>
   <subfield code="k">Tirol (einschl. Südtirol) und Vorarlberg</subfield>
   <subfield code="k">Stadtgeschichte</subfield>
   <subfield code="k">Einzelne Städte</subfield>
   <subfield code="k">Sonstige in Tirol und Südtirol</subfield>
   <subfield code="0">(DE-627)1271616173</subfield>
   <subfield code="0">(DE-625)rvk/129983:</subfield>
   <subfield code="0">(DE-576)201616173</subfield>
  </datafield>
  <datafield tag="936" ind1="r" ind2="v">
   <subfield code="a">NW 8290</subfield>
   <subfield code="b">Sonstiges (Unehrliche Berufe, Leute)</subfield>
   <subfield code="k">Geschichte</subfield>
   <subfield code="k">Wirtschafts- und Sozialgeschichte</subfield>
   <subfield code="k">Spezielle Sozialgeschichte</subfield>
   <subfield code="k">Einzelne Stände und Gesellschaftsgruppen</subfield>
   <subfield code="k">Sonstiges (Unehrliche Berufe, Leute)</subfield>
   <subfield code="0">(DE-627)1271460947</subfield>
   <subfield code="0">(DE-625)rvk/132312:</subfield>
   <subfield code="0">(DE-576)201460947</subfield>
  </datafield>
  <datafield tag="936" ind1="r" ind2="v">
   <subfield code="a">XE 5000</subfield>
   <subfield code="b">Allgemeines</subfield>
   <subfield code="k">Medizin</subfield>
   <subfield code="k">Hygiene</subfield>
   <subfield code="k">Gesundheitsfürsorge insgesamt</subfield>
   <subfield code="k">Hygiene des Körpers und der Kleidung, Körperpflege</subfield>
   <subfield code="k">Bäder, Hygiene des Bades</subfield>
   <subfield code="k">Allgemeines</subfield>
   <subfield code="0">(DE-627)1270953206</subfield>
   <subfield code="0">(DE-625)rvk/152643:12905</subfield>
   <subfield code="0">(DE-576)200953206</subfield>
  </datafield>
  <datafield tag="936" ind1="r" ind2="v">
   <subfield code="a">XB 5100</subfield>
   <subfield code="b">Allgemeines</subfield>
   <subfield code="k">Medizin</subfield>
   <subfield code="k">Geschichte der Medizin</subfield>
   <subfield code="k">Spezielle Geschichte der Medizin, Geschichte einzelner medizin. Disziplinen</subfield>
   <subfield code="k">Allgemeine Therapie, Balneologie, Physikalische Therapie, Diätetik, Homöopathie, Naturheilverfahren</subfield>
   <subfield code="k">Allgemeines</subfield>
   <subfield code="0">(DE-627)1270742914</subfield>
   <subfield code="0">(DE-625)rvk/152476:12905</subfield>
   <subfield code="0">(DE-576)200742914</subfield>
  </datafield>
  <datafield tag="936" ind1="b" ind2="k">
   <subfield code="a">15.60</subfield>
   <subfield code="j">Schweiz</subfield>
   <subfield code="j">Österreich-Ungarn</subfield>
   <subfield code="j">Österreich</subfield>
   <subfield code="x">Geschichte</subfield>
   <subfield code="0">(DE-627)181571633</subfield>
  </datafield>
  <datafield tag="936" ind1="b" ind2="k">
   <subfield code="a">15.07</subfield>
   <subfield code="j">Kulturgeschichte</subfield>
   <subfield code="0">(DE-627)181569620</subfield>
  </datafield>
  <datafield tag="951" ind1=" " ind2=" ">
   <subfield code="a">BO</subfield>
  </datafield>
  <datafield tag="991" ind1=" " ind2=" ">
   <subfield code="a">Rezensiertes Werk</subfield>
  </datafield>
  <datafield tag="999" ind1=" " ind2=" ">
   <subfield code="a">KXP-PPN774830166</subfield>
   <subfield code="e">415469622X</subfield>
  </datafield>
 </record>
</collection>
